Statistics for Municipalities of Marinette County, Wisconsin

Click here to take the quiz!

General Stats

  • This quiz has been taken 16 times
  • The average score is 16 of 29

Answers on the Map

Answers color-coded by a green-red scale on the quiz's map according to % correct below.
 

Answer Stats

Answer% Correct
City of Marinette
100%
City of Peshtigo
83%
Town of Peshtigo
83%
Town of Pound
83%
Village of Coleman
83%
Village of Crivitz
83%
Village of Pound
83%
City of Niagara
67%
Town of Lake
67%
Town of Niagara
67%
Town of Wausaukee
67%
Village of Wausaukee
67%
Census Designated Place of Dunbar
50%
Town of Beaver
50%
Town of Beecher
50%
Town of Dunbar
50%
Census Designated Place of Amberg
33%
Census Designated Place of Goodman
33%
Census Designated Place of Pembine
33%
Town of Amberg
33%
Town of Athelstane
33%
Town of Goodman
33%
Town of Grover
33%
Town of Middle Inlet
33%
Town of Pembine
33%
Town of Porterfield
33%
Town of Silver Cliff
33%
Town of Stephenson
33%
Town of Wagner
33%

Score Distribution

Percentile by Number Answered

Percent of People with Each Score

Your Score History

You have not taken this quiz